| 000 | 00550nam a22001697a 4500 | ||
|---|---|---|---|
| 082 | _a371.33 | ||
| 100 | _aFarooq, Komal | ||
| 245 |
_aEducating In-Service Teachers of Educators as Reflective Practitioners / _cKomal Farooq. |
||
| 260 |
_aIslamabad: _bSeecs - NUST, _c2017. |
||
| 300 |
_a92 p.: ill.; _c30cm. |
||
| 650 |
_aMS-Thesis _918721 |
||
| 700 |
_aFarzana Ahmed _920906 |
||
| 856 | _uhttp://10.250.8.41:8080/xmlui/handle/123456789/24534 | ||
| 942 |
_2ddc _cTHE |
||
| 999 |
_c529040 _d529040 |
||